000 00583nam a22001937a 4500
005 20251108173157.0
008 250721s2005 xx 000 0 ara d
082 1 4 _a745/ فيا
100 1 _aفياض، عبد الحفيظ
245 1 0 _aموسوعة الزخرفة المصورة /
264 1 _aعمان :
_bالأهلية للنشر و التوزيع،
_c2005.
300 _a320ص
650 1 7 _aالفنون
650 1 7 _aالزخرفة
650 1 7 _aالزخرفة الداخلية
700 1 _aعبد الأيوبي، ديانا
942 _2ddc
_cBK
999 _c97825
_d97825